Nhãn sinh thái đối với hàng hóa xuất khẩu và tiêu dùng nội địa
Spremljeno u:
| Glavni autor: | |
|---|---|
| Format: | Knjiga |
| Jezik: | Undetermined |
| Izdano: |
Hà Nội
Lý luận chính trị
2005
|
| Teme: | |
| Oznake: |
Dodaj oznaku
Bez oznaka, Budi prvi tko označuje ovaj zapis!
|
| Thư viện lưu trữ: | Trung tâm Học liệu Trường Đại học Cần Thơ |
|---|
| LEADER | 00610nam a2200181Ia 4500 | ||
|---|---|---|---|
| 001 | CTU_104447 | ||
| 008 | 210402s9999 xx 000 0 und d | ||
| 082 | |a 338.064 | ||
| 082 | |b Kh103 | ||
| 100 | |a Nguyễn, Hữu Khải | ||
| 245 | 0 | |a Nhãn sinh thái đối với hàng hóa xuất khẩu và tiêu dùng nội địa | |
| 245 | 0 | |c Nguyễn Huy Toàn | |
| 260 | |a Hà Nội | ||
| 260 | |b Lý luận chính trị | ||
| 260 | |c 2005 | ||
| 650 | |a Production,Product life cycle,Product safety | ||
| 904 | |i Vương | ||
| 980 | |a Trung tâm Học liệu Trường Đại học Cần Thơ | ||